00345cam a2200145ua 4500020000900000041001000009082002400019100001700043245005400060250001200114260004800126300001100174365000900185504000500194 c1.00 amalh a894.812 301bKUN/NA aKunchu, N . aNammude pavangal / cN Kunchu.hTextual Documents a1 / b. aTiruvalla : bSaraswathi Prakshan , c1946. a64 ; . a1.00 a